Statistics for Guess the tag team (beatboxers)

Click here to take the quiz!

General Stats

  • This quiz has been taken 10 times
  • The average score is 16 of 20

Answer Stats

Answer% Correct
BERY
90%
Huskey
90%
Jackpot
90%
Kotcha
90%
Onii-chan
90%
Rofu
90%
Rogue Wave
90%
Shadow Sumo
90%
Spiderhorse
90%
Uniteam
90%
K-Pom
80%
Mad Twinz
80%
Middle School
80%
Scam Talk
80%
Wildcard Guys
80%
Sorry
70%
Zen'Hit
70%
16bitzee
60%
A-Cloud
60%
Costik Storm
30%

Score Distribution

Percentile by Number Answered

Percent of People with Each Score

Your Score History

You have not taken this quiz